| 000 | 00503nam a2200193Ia 4500 | ||
|---|---|---|---|
| 005 | 20250623160649.0 | ||
| 008 | 008 250505s9999 xx 000 0 eng d | ||
| 020 | _a9788194776529 | ||
| 040 |
_beng _cILCL |
||
| 041 |
_aeng _2eng |
||
| 084 | _aV2:2:Z N1 | ||
| 100 | _aSeervai, H M | ||
| 245 | 0 | _aConstitutional Law of India | |
| 250 | _a4 | ||
| 260 |
_aDelhi _bLaw and Justice Publishing Company _c2024 |
||
| 300 | _alxxiii,967p. | ||
| 490 | _v1,2,3 | ||
| 942 |
_cTB _2Colon Classification |
||
| 999 |
_c1312600 _d1312600 |
||